| 000 | 01463nam2a2200277 4500 | ||
|---|---|---|---|
| 001 | rc\2852407 | ||
| 005 | 20260315050252.0 | ||
| 035 | _a(NLR Aleph) 007007193 | ||
| 090 |
_a13576645 _c13576645 |
||
| 100 | _a20110705d1929 u y0rusy50 ca | ||
| 101 | 1 |
_arus _cfre |
|
| 102 | _aRU | ||
| 105 | _ay z ||||| | ||
| 200 | 1 |
_aБолезни органов пищеварения и обмена веществ _fПер. П.М. Альперина, Э.А. Вассерберга и И.Д. Кончаловского |
|
| 210 | _d1929 | ||
| 461 | 0 |
_1001rc\2852405 _12001#$aРуководство по патологии и терапии внутренних болезней$eТ. 1-$fФ. Безансон, М. Лаббэ, Л. Бернар, Ж.А. Сикар$gПод общ. ред. проф. М.П. Кончаловского$vТ. 1, ч. 2 _95778381 _cМосква _d1929 _eПер. со 2-го фр. изд. _fФ. Безансон, М. Лаббэ, Л. Бернар, Ж.А. Сикар _nОгиз - гос. мед. изд. _oТ. 1- _tРуководство по патологии и терапии внутренних болезней _vТ. 1, ч. 2 |
|
| 700 | 1 |
_aЛаббэ _bМ. |
|
| 701 | 1 |
_aВитри _bГ. |
|
| 702 | 1 |
_aАльперин _bП.М. _4730 |
|
| 702 | 1 |
_aВассерберг _bЭ.А. _4730 |
|
| 702 | 1 |
_aКончаловский _bИ.Д. _4730 |
|
| 801 | 0 |
_aRU _bNLR _gpsbo |
|
| 801 | 1 |
_aRU _bELAR _2rusmarc |
|
| 852 |
_aNLR _j31-17/426 |
||
| 942 | _cUNSPEC | ||
| 980 | _aNB | ||